The wanderers of Carpathian Europe

Bibliographic Details
Main Author: Gunda, Béla (Author)
Format: Book
Language:English
PhysicalDescription:9 s. 25 cm
Published: Budapest Society of the Hungarian Quarterly 1940
Subjects:

MARC

LEADER 00000nam a2200000 a 4500
001 vtls001355249
003 SK-MaSNL
005 20260301114925.0
008 251124s1940 HU 0 eng
020 |c 10,00 
035 |a SNK000308705 
040 |a SNK  |b slo  |c SNK  |e AACR2 
044 |a HU 
080 |a 339.177(4-31)(091)  |2 1981 
100 1 |a Gunda, Béla  |4 aut  |9 340387 
245 1 4 |a The wanderers of Carpathian Europe  |c by Béla Gunda 
260 |a Budapest  |b Society of the Hungarian Quarterly  |c 1940  |e New York  |f Columbia University Press 
300 |a 9 s.  |c 25 cm 
500 |a Odtlačok z: The Hungarian Quarterly volume 6, Autumn 1940 Number 3 
650 0 7 |a podomový obchod  |2 SNKPH  |9 99547 
650 0 7 |a dejiny  |2 SNKPH  |9 3825 
651 7 |a Karpaty (pohorie)  |2 SNKPHgeo  |9 157023 
655 7 |a odtlačky  |2 SNKPH  |9 383613 
999 |c 720261  |d 722191 
952 |t P60, <03>, [BOOK], {603}  |a SNK  |b SNK  |y PREZ  |7 0  |p 17A0179536  |o snkOSC 20124  |i snkK 401/99  |0 0  |1 0  |4 0  |d 1999-02-16  |l 0  |r 2005-01-02 00:00:00  |w 2026-02-23